000 00264nam a2200097Ia 4500
001 1300057
005 20260420095857.0
008 260420s9999 xx 000 0 und d
245 0 _aASLAN İLE SİVRİSİNEK
_cNEFİSE ATÇAKARLAR
260 _bTİMAŞ ÇOCUK YAYINLARI
999 _c1300057
_d1300057